000 00488nam a22001697a 4500
005 20260421122536.0
008 260421b |||||||| |||| 00| 0 eng d
020 _qhbk
082 _a348.7323 UNI.15
245 _aUnited states code service:commerce and trade 1601-1700 consumer credit regulations title 15 USCS
250 _aLawyers
260 _acharlottesville:
_bLexis Nexis,
_c2005.
300 _axxx,893p.
_c:24cm.
650 _acommerce
650 _atrade
942 _cENGLISH
999 _c619665
_d619665